000 01129nac a22003131i 4500
003 EG-ScBUE
005 20250707092743.0
008 250625t2000 maua f b 001 0 eng d
020 _a0697395979 (acid-free paper)
020 _a9780697395979
035 _a(DLC) 98004528
040 _aEG-ScBUE
_beng
_erda
_cEG-ScBUE
_dEG-ScBUE
082 0 4 _a540
_bSIL
_222
100 1 _aSilberberg, Martin S.
_q(Martin Stuart),
_d1945-
_eauthor.
245 1 0 _aChemistry :
_bthe molecular nature of matter and change /
_cMartin Silberberg ; consultants, Randy Duran, University of Florida, Gainesville, [and four others]
250 _aSecond edition.
264 1 _aBoston :
_bMcGraw-Hill,
_c[2000]
264 4 _cc2000
300 _a1 volume (various pagings) :
_billustrations (some color) ;
_c28 cm
336 _2rdacontent
_atext
_btxt
337 _aunmediated
_2rdamedia
_bn
338 _avolume
_bnc
_2rdacarrier
500 _aIncludes Appendices.
504 _aIncludes bibliographical references and index.
650 7 _aChemistry.
_2BUEsh
655 _vReading book
700 1 _aDuran, Randy,
_econsultant.
942 _cBB
_2ddc
999 _c1377
_d1377